|
|
|
|
| LEADER |
01109nam a2200325 a 4500 |
| 001 |
nkc20061697462 |
| 003 |
CZ PrNK |
| 005 |
20070201121243.0 |
| 007 |
ta |
| 008 |
061113s2006 xr a g 000 f cze |
| 015 |
|
|
|a cnb001697462
|
| 020 |
|
|
|a 80-7252-159-4
|q (brož.)
|
| 035 |
|
|
|a (OCoLC)85723300
|
| 040 |
|
|
|a OLA001
|b cze
|d ABA001
|
| 072 |
|
7 |
|a 821.162.3-3
|x Česká próza
|2 Konspekt
|9 25
|
| 080 |
|
|
|a 821.162.3-3
|2 MRF
|
| 080 |
|
|
|a (0:82-3)
|2 MRF
|
| 100 |
1 |
|
|a Komárek, Martin,
|d 1961-
|7 jn19981228090
|4 aut
|
| 245 |
1 |
0 |
|a Smradlavý pes :
|b 150! krátkých románů v jedné knize /
|c Martin Komárek
|
| 250 |
|
|
|a Vyd. 1.
|
| 260 |
|
|
|a Praha :
|b Práh,
|c 2006
|
| 300 |
|
|
|a 157 s. :
|b il. ;
|c 19 cm
|
| 655 |
|
7 |
|a české prózy
|7 fd133972
|2 czenas
|
| 655 |
|
9 |
|a Czech prose
|2 eczenas
|
| 856 |
4 |
1 |
|u http://www.digitalniknihovna.cz/mzk/uuid/uuid:4c45a300-54eb-11e8-afec-005056827e51
|y Digitalizovaný dokument
|x NDK
|
| 910 |
2 |
|
|a BOA001
|b 1-1176.854
|
| 990 |
|
|
|a BK
|
| 995 |
|
|
|a 01
|
| 991 |
|
|
|b 200611
|
| 996 |
6 |
|
|b 2610294227
|c 1-1176.854
|l MZK
|r Sklad / do 1 hodiny
|n 1
|p p.v.
|w 000832456
|u 000010
|a 1
|e BOA001
|j MZK50
|s P
|